| 000 | 01006nac a22002651u 4500 | ||
|---|---|---|---|
| 010 | _a 2003064178 | ||
| 020 | _a0374281254 (hc : alk. paper) | ||
| 082 | 0 | 0 |
_a301 _bBAL |
| 090 |
_c9559 _d9559 |
||
| 100 | _aBall, Philip, | ||
| 245 | 1 | 0 |
_aCritical mass : _bhow one thing leads to another / _cPhilip Ball. |
| 250 | _a1st American ed. | ||
| 260 |
_aNew York : _bFarrar, Straus and Giroux, _c2004. |
||
| 300 |
_a520 p. : _bill. ; _c24 cm. |
||
| 500 | _aDonations. | ||
| 500 | _aDonations - Lynn Tully. | ||
| 504 | _aIncludes bibliographical references (p. [489]-501) and index. | ||
| 511 | _acatalogued By: Mahitab. | ||
| 650 | 0 | _aSociology. | |
| 650 | 0 |
_aHuman behavior _xPhilosophy. |
|
| 650 | 0 |
_aPhysics _xSocial aspects. |
|
| 856 | 4 | 2 |
_3Contributor biographical information _uhttp://www.loc.gov/catdir/bios/hol053/2003064178.html |
| 856 | 4 | 2 |
_3Publisher description _uhttp://www.loc.gov/catdir/description/hol041/2003064178.html |
| 942 |
_cBB _k301BAL |
||
| 999 |
_c9559 _d9559 |
||